Lyrics #5 - Musicals Pre-Contemporary (90s) - Statistics

General Stats
  • This quiz has been taken 34 times
  • The average score is 9 of 18
Answer Stats
Hint Answer % Correct
Just one look and I can hear a bell ring / One more look and I forget everything / _____ ___, here I go again / My my, how can I resist you?
Mamma Mia!
81%
I think they meant it / When they said you can't buy love / Now I know you can ____ it RENT
81%
New and a bit alarming / Who'd have ever thought that this could be? / True that he's no Prince Charming / But there's something in him that I simply didn't see Beauty & the Beast
77%
Homosexual / Father with children / One bar mitzfah / That is scrupulously planned / I had a wife, I had a lover / He ran for cover, she I divorced Falsettoland
65%
But if you don't go forth in life / Spreading joy and easing pain / Your spirit will go forth in death / And you shall wear a chain! A Christmas Carol
62%
And the moon grows dimmer / At the tides low ebb / And your breath comes faster / And you're aching to move / But you're caught in the web.... Kiss of the Spider Woman
62%
Little more speed, little more rope / Little more wind, little more hope / Gotta get this stupid kite to fly.
You're a Good Man, Charlie Brown
62%
My sex-change operation got botched / My guardian angel fell asleep on the watch / Now all I got is a Barbie Doll-crotch / I got an _____ ____ Hedwig and the Angry Inch
58%
I will not cry, I will not think / I'll do my dance, I'll make them drink / When I make love, it won't be me / And if they hurt me, I'll just close my eyes Miss Saigon
42%
And nothing has changed / There's nothing a miner can do / The pit and your mates / Turned into the hold and the crew / And the screws are turnin at seventy-two Titanic
42%
So let the bells of freedom ring / Let the dogs of war run wild / From out the age of darkness bring / The birth of freedom's child Civil War
38%
This is the story we needed to write / And be kept out of sight for no more / In a few hours by dawn's early light / We'll be ready to fight us a WAR! Newsies
38%
I'm a force for the future / A teen-age ______, an acquired taste / Oxy-clear and toxic waste / I'm a blast, blast, blast -- From the all too recent past!
Zombie Prom
35%
So don't get messy, Bessy / Try to play it cool / Cuz you just wait til I get you home mama / And I'll get messy too. 5 Guys Named Moe
27%
Who is this man? What makes his blood rage? / What injustice? What deed? / What more does he need? / What makes a hero? Zorro
27%
Oh, my God! There's nothing here that I can wear / And where did I get all this...HAIR! Big
23%
Lesbian, I should be a lesbian./ If I was born to love women how wonderfully sane I would be. I Love You, You're Perfect, Now Change
23%
The trick for a drag-queen / Is trying to act like a woman, which very few can / But the fact is, a drag-queen's a man!
Victor/Victoria
23%
No matching quizzes found
Score Distribution
Percent of People with Each Score
Percentile by Number Answered
Your Score History
You have not taken this quiz